[Event "Lleida Regional-ch"]
[Site "Lleida"]
[Date "2022.11.06"]
[Round "5"]
[White "Rodon Balcells, Jaume"]
[Black "Salinas Rojas, Bryan Sasir"]
[Result "1-0"]
[WhiteElo "1789"]
[BlackElo "1726"]
[PlyCount "87"]
[EventDate "2022.10.02"]
[EventType "swiss"]
[EventRounds "8"]
[EventCountry "ESP"]
[SourceTitle "EXT 2024"]
[Source "ChessBase"]
[SourceDate "2023.10.10"]
[SourceVersion "1"]
[SourceVersionDate "2023.10.10"]
[SourceQuality "1"]

1. e4 e6 2. d4 d5 3. Nc3 Bb4 4. e5 c5 5. a3 Bxc3+ 6. bxc3 Qc7 7. Nf3 Nc6 8. Be2 cxd4 9. cxd4 Nge7 10. 0-0 Nf5 11. g4 Nfe7 12. a4 a6 13. Ba3 Bd7 14. Bd6 Qd8 15. Qd2 0-0 16. Rab1 Bc8 17. a5 Re8 18. Ra1 Ng6 19. Rfb1 f6 20. c4 fxe5 21. dxe5 dxc4 22. Bxc4 Ncxe5 23. Nxe5 Nxe5 24. Be2 Nf7 25. Rb6 Qf6 26. Rd1 Rd8 27. Qb4 Nxd6 28. Rbxd6 Rf8 29. Qb6 Qe7 30. Rd8 Rxd8 31. Rxd8+ Kf7 32. Bc4 Qg5 33. Qc7+ Kg6 34. Bd3+ Kh6 35. h3 Qd2 36. Bf1 Qb4 37. Rxc8 Rxc8 38. Qxc8 Qxa5 39. Qxe6+ g6 40. h4 b5 41. Qe7 Qa1 42. Qf8+ Qg7 43. g5+ Kh5 44. Qxg7 1-0